<?xml version="1.0" encoding="UTF-8"?><?xml-stylesheet type="text/xsl" href="static/style.xsl"?><OAI-PMH xmlns="http://www.openarchives.org/OAI/2.0/" xmlns:xsi="http://www.w3.org/2001/XMLSchema-instance" xsi:schemaLocation="http://www.openarchives.org/OAI/2.0/ http://www.openarchives.org/OAI/2.0/OAI-PMH.xsd"><responseDate>2026-04-13T07:22:00Z</responseDate><request verb="GetRecord" identifier="oai:www.recercat.cat:2117/181044" metadataPrefix="marc">https://recercat.cat/oai/request</request><GetRecord><record><header><identifier>oai:recercat.cat:2117/181044</identifier><datestamp>2025-07-22T14:49:06Z</datestamp><setSpec>com_2072_1033</setSpec><setSpec>col_2072_452951</setSpec></header><metadata><record xmlns="http://www.loc.gov/MARC21/slim" xmlns:dcterms="http://purl.org/dc/terms/" xmlns:xsi="http://www.w3.org/2001/XMLSchema-instance" xmlns:doc="http://www.lyncode.com/xoai" xsi:schemaLocation="http://www.loc.gov/MARC21/slim http://www.loc.gov/standards/marcxml/schema/MARC21slim.xsd">
   <leader>00925njm 22002777a 4500</leader>
   <datafield ind2=" " ind1=" " tag="042">
      <subfield code="a">dc</subfield>
   </datafield>
   <datafield ind2=" " ind1=" " tag="720">
      <subfield code="a">De Bofarull Alguersuari, Iñaki</subfield>
      <subfield code="e">author</subfield>
   </datafield>
   <datafield ind2=" " ind1=" " tag="260">
      <subfield code="c">2019-10-31</subfield>
   </datafield>
   <datafield ind2=" " ind1=" " tag="520">
      <subfield code="a">Los ultrasonidos en el procesado de polímeros han tenido aplicaciones como la soldadura y dispersión. Recientemente, los ultrasonidos han sido introducidos como una novedosa técnica parael micromoldeado de polímeros, y su interés se debe a la necesidad de obtener micropiezasde polímeros en el campo de la medicina y electrónica. En el actual trabajo se ha estudiado micropiezasde ácido poliláctico cargadas con drogas antitumorales para generar un valor añadido en estos productos conformados por ultrasonidos.&#xd;
El ácido poliláctico (PLA) fue seleccionado como matriz polimérica debido a su biocompatibilidad,biodegradabilidad y obtención a partir de fuentes renovables. En una etapa previa del proyecto se han optimizado las condiciones de moldeado del PLA: fuerza, amplitud y tiempo. Las condiciones se analizan según: un correcto llenado del molde, una mínima degradación del polímero, la ausencia de microfisuras derivadas de fenómenos de cavitación, el mantenimiento o mejora de las propiedades mecánicas  y térmicas de las piezas.   La caracterización se realiza mediante  cromatografía de permeación en gel (GPC), espectroscopia infrarroja (FTIR), difracción de rayos</subfield>
   </datafield>
   <datafield tag="653" ind2=" " ind1=" ">
      <subfield code="a">Àrees temàtiques de la UPC::Enginyeria química</subfield>
   </datafield>
   <datafield tag="653" ind2=" " ind1=" ">
      <subfield code="a">Polymers</subfield>
   </datafield>
   <datafield tag="653" ind2=" " ind1=" ">
      <subfield code="a">Drugs</subfield>
   </datafield>
   <datafield tag="653" ind2=" " ind1=" ">
      <subfield code="a">Ultrasonic waves</subfield>
   </datafield>
   <datafield tag="653" ind2=" " ind1=" ">
      <subfield code="a">Polímers</subfield>
   </datafield>
   <datafield tag="653" ind2=" " ind1=" ">
      <subfield code="a">Medicaments</subfield>
   </datafield>
   <datafield tag="653" ind2=" " ind1=" ">
      <subfield code="a">Ultrasons</subfield>
   </datafield>
   <datafield tag="653" ind2=" " ind1=" ">
      <subfield code="a">Tumors -- Tractament</subfield>
   </datafield>
   <datafield ind2="0" ind1="0" tag="245">
      <subfield code="a">Conformado asistido por ultrasonidos del ácido poliláctico: Micropiezas cargadas con drogas antitumorales</subfield>
   </datafield>
</record></metadata></record></GetRecord></OAI-PMH>